Czy znasz ten region? # 4 - Statystyki

Ogólne statystyki
  • Ten quiz został rozwiązany 221 razy
  • Średni wynik to 53 z 80
Statystyki odpowiedzi
Zagadnienie Komórka Select % Poprawnych
kraje, które były częścią Układu Warszawskiego . Norwegia Nie
98%
kraje, które były częścią Układu Warszawskiego . Chiny Nie
97%
kraje, które były częścią Układu Warszawskiego . Turcja Nie
97%
kraje, które były częścią Układu Warszawskiego . Szwecja Nie
96%
kraje, które były częścią Układu Warszawskiego . Grecja Nie
95%
kraje, które były częścią Układu Warszawskiego . Afganistan Nie
94%
kraje, które były częścią Układu Warszawskiego . Polska Tak
93%
kraje, które były częścią Układu Warszawskiego . Finlandia Nie
92%
kraje, które były częścią Układu Warszawskiego . Niemcy Zachodnie Nie
92%
kraje, które były częścią Układu Warszawskiego . Związek Radziecki (ZSRR) Tak
88%
terytoria i regiony (zwykle) rozpatrywane na Bliskim Wschodzie . Grecja Nie
87%
terytoria i regiony (zwykle) rozpatrywane na Bliskim Wschodzie . Somalia Nie
87%
terytoria i regiony (zwykle) rozpatrywane na Bliskim Wschodzie . Algieria Nie
86%
terytoria i regiony (zwykle) rozpatrywane na Bliskim Wschodzie . Dżibuti Nie
86%
terytoria i regiony (zwykle) rozpatrywane na Bliskim Wschodzie . Maroko Nie
86%
kraje należące do byłej Jugosławii . Armenia Nie
85%
kraje należące do byłej Jugosławii . Białoruś Nie
85%
kraje należące do byłej Jugosławii . Czechy Nie
85%
kraje należące do byłej Jugosławii . Gruzja Nie
85%
kraje, które były częścią Układu Warszawskiego . Niemcy Wschodnie Tak
85%
kraje należące do byłej Jugosławii . Słowacja Nie
84%
kraje, które były częścią Układu Warszawskiego . Czechosłowacja Tak
83%
kraje należące do byłej Jugosławii . Węgry Nie
83%
kraje należące do byłej Jugosławii . Czarnogóra Tak
81%
terytoria i regiony (zwykle) rozpatrywane na Bliskim Wschodzie . Izrael Tak
81%
kraje należące do byłej Jugosławii . Kosowo Tak
81%
***kraje, które były Alianci II wojny światowej Wielka Brytania Tak
81%
kraje należące do byłej Jugosławii . Bośnia i Hercegowina Tak
80%
***kraje, które były Alianci II wojny światowej Niemcy Nie
80%
kraje należące do byłej Jugosławii . Bułgaria Nie
79%
***kraje, które były Alianci II wojny światowej Japonia Nie
79%
kraje należące do byłej Jugosławii . Serbia Tak
79%
***kraje, które były Alianci II wojny światowej Stany Zjednoczone Tak
78%
terytoria i regiony (zwykle) rozpatrywane na Bliskim Wschodzie . Irak Tak
77%
terytoria i regiony (zwykle) rozpatrywane na Bliskim Wschodzie . Syria Tak
77%
kraje, które były częścią Układu Warszawskiego . Węgry Tak
77%
kraje należące do byłej Jugosławii . Chorwacja Tak
76%
kraje należące do byłej Jugosławii . Mołdawia Nie
76%
terytoria i regiony (zwykle) rozpatrywane na Bliskim Wschodzie . Arabia Saudyjska Tak
75%
kraje należące do byłej Jugosławii . Macedonia Północna Tak
75%
***kraje, które były Alianci II wojny światowej Hiszpania Nie
74%
***kraje, które były Alianci II wojny światowej Włochy Nie
74%
terytoria i regiony (zwykle) rozpatrywane na Bliskim Wschodzie . Pakistan Nie
73%
kraje, które były częścią Układu Warszawskiego . Rumunia Tak
72%
***kraje, które były Alianci II wojny światowej Szwecja Nie
72%
terytoria i regiony (zwykle) rozpatrywane na Bliskim Wschodzie . Kuwejt Tak
71%
terytoria i regiony (zwykle) rozpatrywane na Bliskim Wschodzie . Iran Tak
70%
kraje należące do byłej Jugosławii . Słowenia Tak
70%
kraje należące do byłej Jugosławii . Albania Nie
68%
kraje, które były częścią Układu Warszawskiego . Bułgaria Tak
68%
***kraje, które były Alianci II wojny światowej Finlandia Nie
66%
Stany USA znane jako Midwest lub Środkowy Zachód . Karolina Południowa Nie
66%
terytoria i regiony (zwykle) rozpatrywane na Bliskim Wschodzie . Afganistan Nie
65%
Stany USA znane jako Midwest lub Środkowy Zachód . Karolina Północna Nie
65%
***kraje, które były Alianci II wojny światowej Związek Radziecki (ZSRR) Tak
60%
***kraje, które były Alianci II wojny światowej Australia Tak
59%
terytoria i regiony (zwykle) rozpatrywane na Bliskim Wschodzie . Bahrajn Tak
59%
***kraje, które były Alianci II wojny światowej Irlandia Nie
59%
terytoria i regiony (zwykle) rozpatrywane na Bliskim Wschodzie . Turcja Tak
54%
***kraje, które były Alianci II wojny światowej Nowa Zelandia Tak
53%
Stany USA znane jako Midwest lub Środkowy Zachód . Indiana Nie
52%
Stany USA znane jako Midwest lub Środkowy Zachód . Kentucky Nie
45%
Stany USA znane jako Midwest lub Środkowy Zachód . Kansas Tak
40%
kraje, które były częścią Układu Warszawskiego . Albania Tak
39%
Stany USA znane jako Midwest lub Środkowy Zachód . Iowa Tak
38%
Stany USA znane jako Midwest lub Środkowy Zachód . Oklahoma Nie
38%
terytoria i regiony (zwykle) rozpatrywane na Bliskim Wschodzie . Egipt Tak
36%
Stany USA znane jako Midwest lub Środkowy Zachód . Nebraska Tak
35%
Stany USA znane jako Midwest lub Środkowy Zachód . Ohio Tak
32%
Stany USA znane jako Midwest lub Środkowy Zachód . Dakota Południowa Tak
30%
Stany USA znane jako Midwest lub Środkowy Zachód . Missouri Tak
30%
Stany USA znane jako Midwest lub Środkowy Zachód . Wisconsin Tak
29%
***kraje, które były Alianci II wojny światowej Brazylia Tak
28%
***kraje, które były Alianci II wojny światowej Chiny Tak
27%
Stany USA znane jako Midwest lub Środkowy Zachód . Minnesota Tak
27%
Stany USA znane jako Midwest lub Środkowy Zachód . Dakota Północna Tak
25%
***kraje, które były Alianci II wojny światowej Meksyk Tak
23%
Stany USA znane jako Midwest lub Środkowy Zachód . Illinois Tak
22%
***kraje, które były Alianci II wojny światowej Iran Tak
20%
Stany USA znane jako Midwest lub Środkowy Zachód . Michigan Tak
18%
Nie znaleziono quizów pasujących do podanych kryteriów
Rozkład punktacji
Procent ludzi z każdym wynikiem
Percentyl według liczby udzielonych odpowiedzi
Twoja historia wyników
Nie rozwiązałeś tego quizu